000
00304nam a22001337a 4500
999
_c
10683
_d
10683
003
OSt
008
210614b ||||| |||| 00| 0 eng d
100
_a
FADIA,BL
245
_a
Western Political Thought
260
_a
Agra
_b
Sahitya Bhawan
_c
2021
300
_a
499
650
_a
BA Gen
942
_2
ddc
_c
BK
_0
3